Текст томруулах:    
Quality management in the nonprofit world (Бичлэгийн дугаар. 146044)
000 -УДИРДЛАГА
Удирдлага 01226nam a22003137a 4500
003 - ХЯНАЛТЫН ТОО ТОДОРХОЙЛОГЧ
Код MN-UlNUM
005 - БИЧИЛТ ХИЙСЭН ОГНОО
Тухайн бичилтийг бичсэн засварласан сүүлийн огноо 20260102102339.0
008 - ЕРӨНХИЙ МЭДЭЭЛЭЛ
Ерөнхий мэдээлэл 260102s1991 cau|b||| |||| 001 0 eng |
020 ## - ISBN
ISBN 1555423469
040 ## - БИЧЛЭГ ҮҮСГЭГЧ БАЙГУУЛЛАГА
Бичлэг үүсгэгч номын сангийн код МУИС-ийн номын сан
084 ## - ББК АНГИЛАЛ
Нэмэлт тусгалт Бусад
ББК ангилал 65.290-2
Зохиогчийн гурван тэмдэгт K 33
Мэдлэгийн ялгаа 65 - Эдийн засаг
100 1# - ЗОХИОГЧ
Зохиогчийн нэр Kennedy, Larry,
Зохиогчийн огноо 1947-
245 10 - ҮНДСЭН ГАРЧИГ
Номын нэр Quality management in the nonprofit world
Бага гарчгийн мэдээ Combining compassion and performance to meet client needs and improve finances
Оролцогчдын тухай мэдээ Larry W. Kennedy ; foreword by Philip Crosby.
250 ## - ДАХИН ХЭВЛЭЛТ
Дахин гаралтын дугаар 1st ed.
260 ## - ГАРАЛТЫН МЭДЭЭ
Хэвлэгдсэн газар San Francisco :
Хэвлэлийн газар Jossey-Bass Publishers,
Хэвлэгдсэн он 1991.
300 ## - МАТЕРИАЛЫН ТОДОРХОЙЛОЛТ
хуудасны тоо xx, 172 p. ;
Хэмжээ 24 cm.
500 ## - Тайлбар
Дансны дугаар БС 4801
546 ## - ХЭЛНИЙ ТУХАЙ МЭДЭЭ
Хэл Англи хэл дээр,
653 ## - Түлхүүр үг
Түлхүүр үг nonprofit organizations
653 ## - Түлхүүр үг
Түлхүүр үг management
653 ## - Түлхүүр үг
Түлхүүр үг finance
740 ## - НОМЫН ГАРЧИГ
Гарчиг The Benefits of Quality Management: Maximum Service and Financial Freedom
740 ## - НОМЫН ГАРЧИГ
Гарчиг Quality Defined: Fulfilling Client, Community, and Contributor Requirements
740 ## - НОМЫН ГАРЧИГ
Гарчиг The System of Quality: Funding and Eliminating the Causes of Problems
740 ## - НОМЫН ГАРЧИГ
Гарчиг Setting Standards for Quality: Achieving the Priorities of Compassion and Performance
942 ## - ЭЛЕМЕНТИЙН ТӨРӨЛ
Зүйлийн төрөл Ном